| 000 | 01263cab a22002535a 4500 | ||
|---|---|---|---|
| 001 | L143088 | ||
| 008 | 080407e20080405xxk f 000 0 eng d | ||
| 035 | _a(Sirsi) u143088 | ||
| 041 | 0 | _aeng | |
| 100 | 1 | _aDriscoll, James | |
| 245 | 0 | 0 | _aRegulation redefined |
| 260 | _c2008 | ||
| 490 |
_aEstates Gazette _v(0813) 5 April 2008, 140-142(3) |
||
| 520 | _aProvides an overview of the key elements contained within the forthcoming Housing and Regeneration Bill. Examines the creation and functions of the Homes and Communities Agency. Considers future regulation of registered social landlords. Examines the creation and regulatory functions of the new OFTENANT office. Covers other issues contained within the bill, which include sustainability and tenant empowerment provisions. Also considers the effective amendments to housing and leasehold law. | ||
| 590 | _aKA | ||
| 650 | 2 | 4 | _aHOUSING AND REGENERATION BILL 2007-08 |
| 650 | 2 | 4 | _aLEASEHOLD REFORM ACT 1967 |
| 650 | 2 | 4 | _aHOUSING ACT 1985 |
| 650 | 2 | 4 | _aBRICK FARM MANAGEMENT LTD V RICHMOND HOUSING PARTNERSHIP LTD |
| 651 | 4 |
_aUnited Kingdom _y |
|
| 690 | _aPROPERTY-PROPERTY MANAGEMENT-REGENERATION | ||
| 690 | _aPROPERTY-RESIDENTIAL PROPERTY-DOMESTIC RESIDENTIAL PROPERTY-HOUSING | ||
| 942 | _n0 | ||
| 999 |
_c80052 _d80052 |
||